LIBRARY & INFORMATION CENTRE, KCAET, TAVANUR

ONLINE PUBLIC ACCESS CATALOGUE (OPAC)

Krishnanattam (Record no. 609)

MARC details
000 -LEADER
fixed length control field 00452cam a2200205ua 4500
041 ## - LANGUAGE CODE
Language code of text/sound track or separate title mal
082 ## - DEWEY DECIMAL CLASSIFICATION NUMBER
Classification number 894.8121
Item number MAN/KRI
100 ## - MAIN ENTRY--AUTHOR NAME
Personal name Manavedakavi, .
245 ## - TITLE STATEMENT
Title Krishnanattam
250 ## - EDITION STATEMENT
Edition statement 1 /
260 ## - PUBLICATION, DISTRIBUTION, ETC. (IMPRINT)
Place of publication Kakasery :
Name of publisher P. C. Vasudevanelayath ,
Year of publication 1965.
300 ## - PHYSICAL DESCRIPTION
Number of Pages 620 ; .
650 ## - SUBJECT ADDED ENTRY--TOPICAL TERM
Topical Term Krishnageethi
942 ## - ADDED ENTRY ELEMENTS (KOHA)
Koha item type Books
Holdings
Withdrawn status Lost status Damaged status Home library Current library Date acquired Full call number Accession Number Koha item type Cost, normal purchase price Public note
Withdrawn     KAUAET Malayalam University 07/04/2012 894.8121 9440 Books    
Withdrawn     KAUAET Malayalam University 07/04/2012 894.8121 7140 Books 15.00 Transferred to Malayalam University
free website counter